Prognóza základních tendencí reprodukčního procesu čs. ekonomiky do roku 2000 etapa 1981

Uložené v:
Podrobná bibliografia
Médium: Kniha
Jazyk:Czech
Vydavateľské údaje: Praha Ekonomický ústav ČSAV 1982
Edícia:VPE č. 157
Tagy: Pridať tag
Žiadne tagy, Buďte prvý, kto otaguje tento záznam!

MARC

LEADER 00000nam a2200000 4500
001 c137397
005 20041019155309.8
041 0 |a cze 
044 |a CZ 
245 1 0 |a Prognóza základních tendencí reprodukčního procesu čs. ekonomiky do roku 2000  |b etapa 1981 
264 1 |a Praha  |b Ekonomický ústav ČSAV  |c 1982 
300 |a 118 s. 
490 1 |a VPE  |v č. 157 
830 0 |a VPE  |v č. 157